000
00300nam a2200133Ia 4500
005
20251222143249.0
008
251222s9999||||xx |||||||||||||| ||spa||
020
_a
84-286-0618-8
082
_a
818.5/M26
100
_a
Marasco, Robert
245
0
_a
Juego Homicida
264
_b
Pomaire
942
_c
LIB
999
_c
14881
_d
14881